书目信息 |
| 题名: |
法理学讲演录. 第二卷
|
|
| 作者: | 付子堂 主编 | |
| 分册: | 2 | |
| 出版信息: | 北京 法律出版社 2007 |
|
| 页数: | 373页 | |
| 开本: | 23cm | |
| 丛书名: | ||
| 单 册: | ||
| 中图分类: | D90-53 | |
| 科图分类: | ||
| 主题词: | 法的理论 , 法学 | |
| 电子资源: | ||
| ISBN: | 978-7-5036-7827-1 | |
| 000 | 00583nam0 2200205 45 | |
| 001 | 1452692218 | |
| 005 | 20141231143959.97 | |
| 010 | @a978-7-5036-7827-1@d32.00CNY | |
| 100 | @a20141231d2007 km y0chiy0120 ea | |
| 101 | 0 | @achi |
| 102 | @aCN@b110000 | |
| 200 | 1 | @a法理学讲演录. 第二卷@Afa li xue jiang yan lu.di er juan@h2@f付子堂主编@Ffu zi tang zhu bian |
| 210 | @a北京@c法律出版社@d2007 | |
| 215 | @a373页@d23cm | |
| 606 | 0 | @a法的理论 |
| 606 | 0 | @a法学 |
| 690 | @aD90-53@v4 | |
| 701 | 0 | @a付子堂@Afu zi tang@4主编 |
| 801 | 0 | @aCN@bPFT@c20141231 |
| 905 | @a10447@dD90-53@eF831:2 | |
| 法理学讲演录. 第二卷.2/付子堂主编.-北京:法律出版社,2007 |
| 373页;23cm |
| ISBN 978-7-5036-7827-1:32.00CNY |
| ● |
| 相关链接 |
|
|
|
正题名:法理学讲演录. 第二卷
索取号:D90-53/F831:2
 
预约/预借
| 序号 | 登录号 | 条形码 | 馆藏地/架位号 | 状态 | 备注 |
| 1 | 495301 | 204953014 | 社科库509/509社科库 80排4列4层/ [索取号:D90-53/F831:2] | 在馆 |